مكتبة جامعة عجلون الوطنية

فهرس بحث المكتبة

المسؤولية المدنية لمنتج برامج الألعاب الإلكترونية : دراسة مقارنة = The civil responsibility of the producer of electronic games software : a comparative study / (Record no. 33556)

MARC details
000 -LEADER
fixed length control field 01025nam a22001937a 4500
003 - CONTROL NUMBER IDENTIFIER
control field JO-AjAnu
005 - DATE AND TIME OF LATEST TRANSACTION
control field 20240708092131.0
008 - FIXED-LENGTH DATA ELEMENTS--GENERAL INFORMATION
fixed length control field 240706b jo ||||| |||| 00| 0 ara d
040 ## - CATALOGING SOURCE
Transcribing agency JO-AjAnu
041 ## - LANGUAGE CODE
Language code of text/sound track or separate title ara
100 #1 - MAIN ENTRY--PERSONAL NAME
Personal name الصمادي، عطا يوسف محمد
9 (RLIN) 66049
Relator term معد
245 2# - TITLE STATEMENT
Title المسؤولية المدنية لمنتج برامج الألعاب الإلكترونية : دراسة مقارنة = The civil responsibility of the producer of electronic games software : a comparative study /
Statement of responsibility, etc. اعداد عطا يوسف محمد الصمادي ؛ إشراف منتصر القضاة
260 ## - PUBLICATION, DISTRIBUTION, ETC.
Date of publication, distribution, etc. 2024
300 ## - PHYSICAL DESCRIPTION
Extent 86ورقة
500 ## - GENERAL NOTE
General note رسالة جامعية (ماجستير) .- جامعة عجلون الوطنية (عجلون، الأردن)، كلية الحقوق ، تخصص القانون 2024<br/>
650 70 - SUBJECT ADDED ENTRY--TOPICAL TERM
Topical term or geographic name entry element الألعاب الالكترونية - قوانين وتشريعات
9 (RLIN) 66000
700 #1 - ADDED ENTRY--PERSONAL NAME
Personal name القضاة، منتصر احمد
9 (RLIN) 65269
Relator term مشرف
942 ## - ADDED ENTRY ELEMENTS (KOHA)
Source of classification or shelving scheme Library of Congress Classification
Koha item type Thesis
Suppress in OPAC No
Holdings
Withdrawn status Lost status Source of classification or shelving scheme Damaged status Not for loan Home library Current library Date acquired Total Checkouts Full call number Barcode Date last seen Price effective from Koha item type
    Library of Congress Classification     مكتبة جامعة عجلون الوطنية مكتبة جامعة عجلون الوطنية 06/07/2024   k3705 2024 a29943 06/07/2024 06/07/2024 Thesis
    Library of Congress Classification     مكتبة جامعة عجلون الوطنية مكتبة جامعة عجلون الوطنية 06/07/2024   k3705 2024 a29942 06/07/2024 06/07/2024 Thesis